| 000 | 01085nam a22002777i 4500 | ||
|---|---|---|---|
| 003 | DO-SdBNP | ||
| 005 | 20250205133431.0 | ||
| 007 | ta | ||
| 008 | 240402b1984 dr ||||| |||| 00| 0 spa d | ||
| 040 |
_aDO-SdBNP _bspa _cBNPHU _erda |
||
| 082 | 4 |
_222 _axxx _bxxx |
|
| 100 | 1 |
_aMaríñez, Pablo A., _eautor _4aut. _95748 |
|
| 245 |
_aResistencia campesina, imperialismo y reforma agraria en República Dominicana (1899-1978) / _cPablo A. Maríñez ; edición al cuidado, Eduardo Díaz Guerra ; prólogo, Roger Bartra. |
||
| 250 | _aPrimera edición | ||
| 264 | 1 |
_aSanto Domingo, Républica Dominicana : _bEdiciones CEPAE, _c1984. |
|
| 300 |
_a152 páginas ; _c21 cm. |
||
| 336 |
_atexto _btxt _2rdacontent |
||
| 337 |
_asin mediación _bn _2rdamedia |
||
| 338 |
_avolumen _bnc _2rdacarrier |
||
| 504 | _aBibliografía : páginas 147-152 | ||
| 590 | _aInventariado, 2024 /LP | ||
| 700 | 1 |
_aDíaz Guerra, Eduardo, _eeditor _4ed. _96661 |
|
| 700 | 1 |
_aBartra, Roger, _eprologuista _4pr. _951220 |
|
| 710 | 2 |
_aCentro de Planificación y Acción Ecuménica CEPAE _985101 |
|
| 942 |
_2ddc _cLBS1 |
||
| 999 |
_c56214 _d56214 |
||